Избранное

Dades bibliogràfiques
Autor principal: Н. М. Рубцов
Sumari:Книга находится в премиум-версии платформы «Русский как иностранный».
В сборник произведений известного русского поэта Николая Михайловича Рубцова (03.01.1936 — 19.01.1971) вошли избранные стихотворения, охватывающие весь период его творчества. В книгу включены произведения из сборников, вышедших при жизни поэта, и стихотворения, не вошедшие в прижизненные сборники. Стихотворения, точные даты написания которых не установлены, датируются в колонтитуле определенными периодами творчества.
Publicat: Москва, Аделант, 2011
Matèries:
Accés en línia:Перейти к просмотру издания
Format: MixedMaterials Electrònic

MARC

LEADER 00000 a2200000 4500
001 RU/ROS-EDU.RU/44106
856 4 |u https://www.ros-edu.ru/book?id=44106  |z Перейти к просмотру издания 
010 |a 978-5-93642-283-6 
100 |a 20110101d2011 |||y0rusy0250  
105 |a y z 000zy 
101 0 |a rus 
102 |a RU 
200 1 |a Избранное  |b Электронный ресурс  |f Н. М. Рубцов 
700 1 |b Н. М.  |a Рубцов  |4 070 
330 |a В сборник произведений известного русского поэта Николая Михайловича Рубцова (03.01.1936 — 19.01.1971) вошли избранные стихотворения, охватывающие весь период его творчества. В книгу включены произведения из сборников, вышедших при жизни поэта, и стихотворения, не вошедшие в прижизненные сборники. Стихотворения, точные даты написания которых не установлены, датируются в колонтитуле определенными периодами творчества. 
210 |a Москва  |c Аделант  |d 2011 
610 1 |a литература 
610 1 |a поэзия 
610 1 |a стихотворение 
675 |a 82 
686 |a 84  |2 rubbk 
300 |a Книга находится в премиум-версии платформы «Русский как иностранный». 
215 |a 288 с.